Bankové pobočky sa môžu tešiť na konkurenciu sprostredkovatelia začínajú zvyšovať počet kontaktných pracovísk
Sprostredkovateľské siete a spôsob oslovovania klientov sprostredkovateľmi. Výber a zriadenie kontaktného miesta. Náklady na vybudovanie pobočky ako faktor, ktorý čo-to vypovedá o sprostredkovateľovi. Oblasť finančného sprostredkovania a konkurencia bánk.
Salvato in:
| Autore principale: | |
|---|---|
| Natura: | Capitolo di libro |
| Lingua: | slovacco |
| Soggetti: | |
| Tags: |
Nessun Tag, puoi essere il primo ad aggiungerne!!
|
MARC
| LEADER | 00000naa a2200000 4500 | ||
|---|---|---|---|
| 001 | 0150589 | ||
| 005 | 20240502072715.6 | ||
| 041 | 0 | |a slo | |
| 044 | |a SK | ||
| 245 | 1 | 0 | |a Bankové pobočky sa môžu tešiť na konkurenciu |b sprostredkovatelia začínajú zvyšovať počet kontaktných pracovísk |c Pavel Škriniar |
| 520 | |a Sprostredkovateľské siete a spôsob oslovovania klientov sprostredkovateľmi. Výber a zriadenie kontaktného miesta. Náklady na vybudovanie pobočky ako faktor, ktorý čo-to vypovedá o sprostredkovateľovi. Oblasť finančného sprostredkovania a konkurencia bánk. | ||
| 610 | 2 | 0 | |a poradenstvo finančné |
| 610 | 2 | 0 | |a poradenstvo investičné |
| 610 | 2 | 0 | |a služby finančné |
| 610 | 2 | 0 | |a služby konzultačné |
| 610 | 2 | 0 | |a pobočky bankové |
| 610 | 2 | 0 | |a informácie ekonomické |
| 610 | 2 | 0 | |a sprostredkovatelia |
| 610 | 2 | 0 | |a poradcovia |
| 610 | 2 | 0 | |a konzultanti |
| 100 | 1 | |a Škriniar, Pavel, 1979- | |